[Event "SPA Open A"]
[Site "Amsterdam NED"]
[Date "2011.07.12"]
[Round "4"]
[White "Sanders,I"]
[Black "Van Der Eijk,Martijn"]
[Result "1-0"]
[WhiteElo "2105"]
[BlackElo "2139"]
[EventDate "2011.07.09"]

1. d4 d6 2. c4 e5 3. d5 g6 4. h4 f5 5. h5 g5 6. Nc3 Nh6 7. g3 Nd7 8. f4
gxf4 9. gxf4 e4 10. Nh3 Be7 11. Ng5 Bxg5 12. fxg5 Nf7 13. Qd4 Nde5 14. Bf4
Qe7 15. Rg1 Rg8 16. O-O-O Nxg5 17. c5 a6 18. cxd6 cxd6 19. Kb1 h6 20. Na4
Kf7 21. Nb6 Rb8 22. Qc3 Re8 23. Bxe5 dxe5 24. d6 Qd8 25. Qc7+ Bd7 26. Qxd7+
Qxd7 27. Nxd7 Rbd8 28. Nc5 b6 29. Nxa6 Re6 30. d7 Ke7 31. e3 Rxd7 32. Rxd7+
Kxd7 33. Bb5+ Ke7 34. Rd1 Rd6 35. Rxd6 Kxd6 36. Kc2 f4 37. Kd1 Nh3 38. Ke1
Ng1 39. Kf2 Nf3 40. Be2 Nd2 41. Ke1 fxe3 42. Nb4 Nf3+ 43. Kd1 Ke6 44. Nc2
Kf5 45. Nxe3+ Kg5 46. a4 Kxh5 47. Bxf3+ exf3 48. b4 Kg5 49. a5 bxa5 50.
bxa5 Kf4 51. Nf1 e4 52. a6 e3 53. Nxe3 Kxe3 54. Ke1 1-0

[Event "SPA Open A"]
[Site "Amsterdam NED"]
[Date "2011.07.12"]
[Round "4"]
[White "Haria,R"]
[Black "Van den Berg,Ha"]
[Result "1-0"]
[WhiteElo "2073"]
[BlackElo "2136"]
[EventDate "2011.07.09"]

1. e4 c5 2. Nf3 e6 3. c3 Nf6 4. e5 Nd5 5. d4 cxd4 6. cxd4 b6 7. a3 Bb7 8.
Bd3 Be7 9. O-O O-O 10. Qe2 Nc6 11. h4 Kh8 12. Nc3 Nxc3 13. bxc3 f5 14. exf6
Bxf6 15. Ng5 Bxg5 16. Bxg5 Qe8 17. Qe4 Qh5 18. g4 Qg6 19. Qxg6 hxg6 20.
Bxg6 Rf3 21. Rac1 Na5 22. Rfe1 Rc8 23. Re3 Nc4 24. Rxf3 Bxf3 25. Kh2 Bxg4
26. Kg3 Bf5 27. Bxf5 exf5 28. Kf4 g6 29. Bf6+ Kg8 30. Kg5 Kf7 31. Re1 Nd6
32. Re7+ Kg8 33. Kxg6 Rxc3 34. Rh7 1-0

[Event "SPA Open A"]
[Site "Amsterdam NED"]
[Date "2011.07.12"]
[Round "4"]
[White "Losekoot,P"]
[Black "Spiler,Angelo"]
[Result "1-0"]
[WhiteElo "2060"]
[BlackElo "2111"]
[EventDate "2011.07.09"]

1. e4 c5 2. c3 d5 3. exd5 Qxd5 4. d4 Nc6 5. Nf3 Bg4 6. dxc5 Qxd1+ 7. Kxd1
e5 8. b4 Nf6 9. Kc2 Be7 10. Bb5 Bd7 11. Bxc6 Bxc6 12. Re1 O-O 13. Rxe5 Rfe8
14. Bg5 h6 15. Bxf6 Bxf6 16. Rxe8+ Rxe8 17. Nbd2 Re2 18. Rf1 Bxf3 19. gxf3
Bg5 20. Rd1 Rxf2 21. b5 Kf8 22. Kd3 f5 23. a4 Ke7 24. Re1+ Kd7 25. Re2 Rxe2
26. Kxe2 Be7 27. Nb3 g5 28. h3 Ke6 29. a5 Kd5 30. c6 bxc6 31. b6 a6 32. Nd4
Bd6 33. Nxf5 Bf4 34. Kd3 Kc5 35. b7 Bb8 36. Nxh6 Kb5 37. Nf7 Kxa5 38. Nxg5
Kb6 39. h4 Kxb7 40. h5 Kc7 41. h6 Kd7 42. Ke4 1-0

[Event "SPA Open A"]
[Site "Amsterdam NED"]
[Date "2011.07.12"]
[Round "4"]
[White "Volkers,A"]
[Black "Hamiti,Gani"]
[Result "1/2-1/2"]
[WhiteElo "2046"]
[BlackElo "2221"]
[EventDate "2011.07.09"]

1. e4 e5 2. Nc3 Nc6 3. g3 Nf6 4. Bg2 Bc5 5. Nge2 d6 6. Na4 Bb6 7. O-O Bg4
8. Nxb6 axb6 9. h3 Be6 10. f4 Qe7 11. d3 h6 12. Be3 Nh7 13. f5 Bd7 14. Qd2
f6 15. Bf3 O-O 16. h4 Nd8 17. Bh5 b5 18. Nc3 Bc6 19. a3 Nf7 20. Kf2 Rfd8
21. Nd5 Bxd5 22. exd5 c6 23. Bf3 Qd7 24. g4 Ra6 25. Rg1 Rda8 26. Rg3 Ra4
27. Rh1 c5 28. Be4 Qe7 29. Qe2 b4 30. axb4 Rxb4 31. b3 Ra2 32. Rb1 Rb6 33.
Rgg1 Rba6 34. Qd2 b5 35. Rgc1 Qc7 36. Qd1 Ra8 37. Kf3 c4 38. bxc4 bxc4 39.
dxc4 Qxc4 40. Qd3 Qc8 41. Qb5 R2a3 42. Qc6 Nhg5+ 43. hxg5 Nxg5+ 44. Ke2
Nxe4 45. Rb3 R3a6 46. Qxc8+ Rxc8 47. Kd3 Nc5+ 48. Bxc5 Rxc5 49. Rb8+ Kh7
50. c4 Rca5 51. Rd8 Ra3+ 52. Rc3 R3a5 53. Rb3 h5 54. gxh5 Kh6 55. Ke4 Rc5
56. Rc3 Ra4 57. Kd3 Ra6 58. Rd7 Rca5 59. Rb3 Ra2 60. Kc3 Rg2 61. Rb8 Rg3+
62. Kb4 Kh7 63. h6 Ra1 64. Rbd8 Rb1+ 65. Ka4 Kxh6 66. Rh8+ Kg5 67. Rxg7+
Kf4 68. Rh4+ Kf3 69. Rxg3+ Kxg3 70. Rh6 Kf4 71. Rxf6 Ra1+ 72. Kb4 Rb1+ 73.
Kc3 Rc1+ 74. Kd3 e4+ 75. Kd4 Rd1+ 76. Kc3 Rc1+ 77. Kd4 Rd1+ 78. Kc3 Rc1+
1/2-1/2

[Event "SPA Open A"]
[Site "Amsterdam NED"]
[Date "2011.07.12"]
[Round "4"]
[White "Harmsen,Michiel"]
[Black "Ritsema,R"]
[Result "1-0"]
[WhiteElo "2140"]
[BlackElo "2103"]
[EventDate "2011.07.09"]

1. d4 Nf6 2. c4 g6 3. Nc3 Bg7 4. e4 d6 5. Bg5 O-O 6. Be2 c5 7. d5 h6 8. Bf4
e6 9. dxe6 Bxe6 10. Bxd6 Re8 11. e5 Nfd7 12. f4 Nc6 13. Nf3 Qb6 14. O-O Nd4
15. Nxd4 cxd4 16. Na4 Qc6 17. b3 Rad8 18. Bf3 Qa6 19. c5 h5 20. Be4 Bg4 21.
Qd2 Bf5 22. Bxf5 gxf5 23. Rfe1 Nf8 24. Qxd4 Ne6 25. Qe3 f6 26. Rad1 Qc6 27.
Nc3 Kf7 28. b4 b5 29. Nd5 fxe5 30. fxe5 1-0

[Event "SPA Open A"]
[Site "Amsterdam NED"]
[Date "2011.07.13"]
[Round "5"]
[White "Friedel,J"]
[Black "Sedlak,N"]
[Result "1/2-1/2"]
[WhiteElo "2531"]
[BlackElo "2580"]
[EventDate "2011.07.09"]

1. e4 c5 2. Nf3 d6 3. d4 cxd4 4. Nxd4 Nf6 5. Nc3 g6 6. Be3 Bg7 7. f3 O-O 8.
Qd2 Nc6 9. O-O-O d5 10. exd5 Nxd5 11. Nxc6 bxc6 12. Bd4 Nxc3 13. Qxc3 Bh6+
14. Be3 Bxe3+ 15. Qxe3 Qb6 16. Qxe7 Be6 17. Qa3 Rad8 18. Bd3 Rd5 19. Rhe1
Rfd8 20. Qc3 Rd4 21. Re5 R4d5 22. h4 Rxe5 23. Qxe5 Rd5 24. Qf4 Rd4 25. Qf6
Rd5 26. Qf4 Rd4 27. Qf6 Rd5 28. Qf4 1/2-1/2

[Event "SPA Open A"]
[Site "Amsterdam NED"]
[Date "2011.07.13"]
[Round "5"]
[White "Popovic,Du"]
[Black "Lenderman,A"]
[Result "1-0"]
[WhiteElo "2569"]
[BlackElo "2525"]
[EventDate "2011.07.09"]

1. e4 c6 2. Nc3 d5 3. Qe2 dxe4 4. Nxe4 Bf5 5. d3 e6 6. g4 Bxe4 7. dxe4 Qb6
8. Nf3 Nd7 9. Nd2 Qc7 10. Nc4 b5 11. Ne3 Qe5 12. c3 Nc5 13. Bg2 Ne7 14. O-O
Ng6 15. Nc2 Qc7 16. e5 Nxe5 17. Nd4 O-O-O 18. f4 Ned3 19. Be3 Bd6 20. b4
Nxf4 21. Bxf4 Bxf4 22. bxc5 h5 23. g5 Bxg5 24. Nxc6 Rd2 25. Qxb5 1-0

[Event "SPA Open A"]
[Site "Amsterdam NED"]
[Date "2011.07.13"]
[Round "5"]
[White "Pruijssers,R"]
[Black "Adhiban,B"]
[Result "1-0"]
[WhiteElo "2461"]
[BlackElo "2542"]
[EventDate "2011.07.09"]

1. e4 c5 2. Nf3 d6 3. d4 cxd4 4. Nxd4 Nf6 5. Nc3 a6 6. Be3 Ng4 7. Bg5 h6 8.
Bh4 g5 9. Bg3 Bg7 10. h3 Nf6 11. Qe2 Nc6 12. Nxc6 bxc6 13. e5 dxe5 14. Bxe5
O-O 15. h4 g4 16. g3 a5 17. Bg2 Ba6 18. Qe3 Qd7 19. Qd4 Qxd4 20. Bxd4 e5
21. Be3 Rfd8 22. Bd2 Nd5 23. O-O-O Bc4 24. Rhe1 a4 25. Be4 h5 26. b3 axb3
27. cxb3 Nxc3 28. Bxc3 Bd5 29. Kb2 f5 30. Bxf5 Rf8 31. Bc2 Rxf2 32. Bxe5
Ra5 33. Bxg7 Kxg7 34. Re7+ Kf6 35. Rde1 Rg2 36. R7e3 Bf3 37. Re6+ Kg7 38.
Re7+ Kf8 39. Re8+ Kf7 40. R8e7+ Kf8 41. Kb1 Rd5 42. Re8+ Kf7 43. R8e7+ Kf8
44. Re8+ Kf7 45. R1e7+ Kf6 46. Re6+ Kf7 47. R8e7+ Kf8 48. Re8+ Kf7 49.
R8e7+ Kf8 50. Ra7 Rd8 51. Rf6+ Kg8 52. Rg6+ Kf8 53. Rf6+ Kg8 54. Rg6+ Kf8
55. Rh6 Kg8 56. Bh7+ Kh8 57. Bf5+ 1-0

[Event "SPA Open A"]
[Site "Amsterdam NED"]
[Date "2011.07.13"]
[Round "5"]
[White "Riemersma,L"]
[Black "Haslinger,S"]
[Result "1/2-1/2"]
[WhiteElo "2416"]
[BlackElo "2548"]
[EventDate "2011.07.09"]

1. d4 d5 2. c4 c6 3. Nf3 Nf6 4. Nc3 a6 5. c5 g6 6. h3 Bg7 7. Bf4 Bf5 8. e3
Nbd7 9. Be2 Be4 10. Qb3 Ra7 11. O-O Bxf3 12. Bxf3 O-O 13. Rad1 Qa5 14. Qc2
Re8 15. b4 Qd8 16. a4 e5 17. dxe5 Nxe5 18. Bxe5 Rxe5 19. e4 d4 20. Ne2 Qe7
21. Rxd4 a5 22. Nf4 axb4 23. Nd3 Re6 24. Rxb4 Nxe4 25. Nf4 Nxc5 26. Nxe6
Nxe6 27. Qe4 h5 28. Rfb1 Bc3 29. Qe3 Qc5 30. Qxc5 Nxc5 31. Rc4 Nxa4 32. Bd1
b5 33. Rxc6 Bd4 34. Rxb5 Nc3 35. Rb4 Ra1 36. Kh2 Rxd1 37. Rxd4 Rxd4 1/2-1/2

[Event "SPA Open A"]
[Site "Amsterdam NED"]
[Date "2011.07.13"]
[Round "5"]
[White "Nijboer,F"]
[Black "Klein,Da"]
[Result "1/2-1/2"]
[WhiteElo "2546"]
[BlackElo "2366"]
[EventDate "2011.07.09"]

1. e4 c5 2. Nf3 d6 3. d4 cxd4 4. Nxd4 Nf6 5. Nc3 a6 6. Be3 Ng4 7. Bg5 h6 8.
Bh4 g5 9. Bg3 Bg7 10. Qd2 Nc6 11. Nb3 Be6 12. h4 Rg8 13. hxg5 hxg5 14. Rh5
Bxc3 15. bxc3 1/2-1/2

[Event "SPA Open A"]
[Site "Amsterdam NED"]
[Date "2011.07.13"]
[Round "5"]
[White "Horvath,Cs1"]
[Black "Bezemer,A"]
[Result "1-0"]
[WhiteElo "2517"]
[BlackElo "2348"]
[EventDate "2011.07.09"]

1. d4 d5 2. c4 e6 3. Nf3 c6 4. Qc2 dxc4 5. Qxc4 Nf6 6. Bg5 b5 7. Qc2 Bb7 8.
e4 Qb6 9. Nc3 Nbd7 10. Bd3 h6 11. Bf4 Be7 12. O-O O-O 13. Rac1 a6 14. e5
Nd5 15. Nxd5 cxd5 16. Qd2 f5 17. exf6 Bxf6 18. Bc7 Qa7 19. Rfe1 Nb6 20. b3
Nc4 21. Qe2 Bc8 22. Bg3 Na5 23. Bb1 Bxd4 24. Rc7 Qb6 25. Nxd4 1-0

[Event "SPA Open A"]
[Site "Amsterdam NED"]
[Date "2011.07.13"]
[Round "5"]
[White "Tan,Jo NED"]
[Black "Neverov,V"]
[Result "0-1"]
[WhiteElo "2153"]
[BlackElo "2500"]
[EventDate "2011.07.09"]

1. e4 c5 2. Nf3 d6 3. d4 cxd4 4. Nxd4 Nf6 5. Nc3 a6 6. f4 e5 7. Nf3 Nbd7 8.
a4 Be7 9. Bd3 O-O 10. O-O Nc5 11. Kh1 exf4 12. Bxf4 Bg4 13. Qe1 Bh5 14. Nd4
Bg6 15. Qe3 Re8 16. Rae1 Nh5 17. Nd5 Bh4 18. g3 Nf6 19. Nc3 Ng4 20. Qf3 Bf6
21. Nf5 Bxc3 22. bxc3 Ne5 23. Bxe5 Rxe5 24. Bc4 Qd7 25. Bd5 Nxa4 26. Ne3
Nb6 27. Ng4 Re7 28. Bb3 Rae8 29. e5 dxe5 30. Rd1 Qc7 31. h4 e4 32. Qe3 Nc4
33. Qg5 e3 34. Rf4 e2 35. Re1 Qc6+ 36. Kh2 h6 37. Nxh6+ gxh6 38. Qxh6 Ne3
39. Rxe2 Ng4+ 40. Rxg4 Rxe2+ 41. Kh3 Qg2+ 0-1

[Event "SPA Open A"]
[Site "Amsterdam NED"]
[Date "2011.07.13"]
[Round "5"]
[White "Reinderman,D"]
[Black "Afek,Y"]
[Result "1/2-1/2"]
[WhiteElo "2618"]
[BlackElo "2298"]
[EventDate "2011.07.09"]

1. e4 c5 2. Nf3 d6 3. d4 cxd4 4. Nxd4 Nf6 5. Nc3 g6 6. Be3 Bg7 7. f3 Nc6 8.
Qd2 Nxd4 9. Bxd4 Be6 10. Bb5+ Kf8 11. O-O Qa5 12. Ba4 Nd7 13. Bxd7 Bxd7 14.
Kh1 Rc8 15. a3 Rc4 16. Bxg7+ Kxg7 17. f4 Rhc8 18. e5 d5 19. Qxd5 Qxd5 20.
Nxd5 Rxc2 21. Nxe7 Re8 22. f5 gxf5 23. Nxf5+ Bxf5 24. Rxf5 Rxb2 25. Raf1
Re7 26. e6 fxe6 27. Rg5+ Kh6 28. h4 Rg7 29. Rf6+ Rg6 30. Rgxg6+ hxg6 31. g4
Rb6 32. h5 e5 33. Rxb6 axb6 34. hxg6 Kxg6 35. Kg2 1/2-1/2

[Event "SPA Open A"]
[Site "Amsterdam NED"]
[Date "2011.07.13"]
[Round "5"]
[White "Lombaers,P"]
[Black "Bosboom,M"]
[Result "0-1"]
[WhiteElo "2097"]
[BlackElo "2399"]
[EventDate "2011.07.09"]

1. d4 Nf6 2. c4 e6 3. Nc3 Bb4 4. Qc2 h6 5. Nf3 c5 6. e3 b6 7. dxc5 bxc5 8.
Be2 O-O 9. O-O Bxc3 10. Qxc3 Ne4 11. Qc2 f5 12. Nd2 Bb7 13. Bf3 Nc6 14.
Nxe4 fxe4 15. Bxe4 d5 16. cxd5 exd5 17. Rd1 Nb4 18. Qe2 Qh4 19. Bf3 Ba6 20.
Qd2 Rxf3 21. gxf3 Qg5+ 22. Kh1 Qh5 23. Kg2 Rf8 24. h3 Qxf3+ 25. Kh2 Bc8 26.
Rg1 Qxh3+ 0-1

[Event "SPA Open A"]
[Site "Amsterdam NED"]
[Date "2011.07.13"]
[Round "5"]
[White "Miedema,D"]
[Black "Mellema,A"]
[Result "1-0"]
[WhiteElo "2399"]
[BlackElo "2131"]
[EventDate "2011.07.09"]

1. d4 Nf6 2. c4 c5 3. d5 b5 4. cxb5 a6 5. bxa6 g6 6. Nc3 Bxa6 7. e4 Bxf1 8.
Kxf1 d6 9. Nf3 Nbd7 10. g3 Bg7 11. Kg2 O-O 12. Re1 Ng4 13. Qe2 Nge5 14. Nd2
Nb6 15. f4 Ned7 16. Nf3 Na4 17. e5 Ndb6 18. Nxa4 Rxa4 19. b3 Ra7 20. Bb2
Qa8 21. a4 Qxd5 22. exd6 exd6 23. Bxg7 Kxg7 24. Rad1 Qc6 25. Qd2 Rd8 26. f5
d5 27. Ne5 Qf6 28. fxg6 hxg6 29. Ng4 Qc6 30. Qh6+ Kg8 31. Re5 Rd6 32. Rde1
Ra8 33. Rf1 Rf8 34. Rf6 d4+ 35. Kh3 Rfd8 36. Rxf7 Kxf7 37. Qh7+ Kf8 38.
Qh8+ Kf7 39. Nh6+ 1-0

[Event "SPA Open A"]
[Site "Amsterdam NED"]
[Date "2011.07.13"]
[Round "5"]
[White "Van Hengel,H"]
[Black "Van Assendelft,F"]
[Result "1/2-1/2"]
[WhiteElo "2203"]
[BlackElo "2393"]
[EventDate "2011.07.09"]

1. e4 c5 2. Nf3 d6 3. d4 cxd4 4. Nxd4 Nf6 5. Nc3 Nc6 6. Bc4 Qb6 7. Nb3 e6
8. Be3 Qc7 9. f4 a6 10. a4 b6 11. O-O Be7 12. Qe2 O-O 13. Nd4 Nxd4 14. Bxd4
e5 15. Nd5 Nxd5 16. Bxd5 Bb7 17. Bxb7 Qxb7 18. Bc3 Rac8 19. Kh1 Bf6 20.
Rad1 Qe7 21. Qxa6 exf4 22. Bxf6 Qxf6 23. c3 Rc6 24. Qb5 Rfc8 25. Qf5 Qe7
26. Qxf4 g6 27. Rd4 Re8 28. h3 Qc7 29. Rfd1 Re6 30. R1d3 Kg7 31. Qg3 Qe7
32. Kh2 h5 33. b4 Rxe4 34. Rxe4 Qxe4 35. Qf3 Qe5+ 36. Kg1 Rc4 37. Qd5 Qe1+
38. Kh2 Rf4 39. Rf3 Rxf3 40. Qxf3 Qe5+ 41. Qg3 Qd5 42. Qe3 Kf8 43. Qxb6
Qe5+ 44. Kh1 Qe1+ 45. Qg1 Qxc3 46. Qb1 Ke7 47. b5 Kd7 48. b6 Kc8 49. Qb5
1/2-1/2

[Event "SPA Open A"]
[Site "Amsterdam NED"]
[Date "2011.07.13"]
[Round "5"]
[White "Posedaru,B"]
[Black "Brookes,C"]
[Result "1-0"]
[WhiteElo "2354"]
[BlackElo "2056"]
[EventDate "2011.07.09"]

1. d4 Nf6 2. c4 g6 3. Nc3 d5 4. Nf3 Bg7 5. e3 O-O 6. b4 c6 7. Bb2 Be6 8. c5
Nbd7 9. h3 a5 10. b5 Ne4 11. Rc1 a4 12. b6 a3 13. Ba1 Bf5 14. Nxe4 dxe4 15.
Nd2 e5 16. Nc4 exd4 17. exd4 Nf6 18. Ne3 Be6 19. Bc4 Bxc4 20. Rxc4 Nd5 21.
O-O f5 22. Ra4 Rxa4 23. Qxa4 f4 24. Nxd5 Qxd5 25. Qxa3 Bxd4 26. Bxd4 Qxd4
27. Qb3+ Kg7 28. Rd1 Qxc5 29. Rd7+ Kh6 30. Qb2 e3 31. h4 exf2+ 32. Qxf2 Qe5
33. g4 f3 34. g5+ Kh5 35. Rxh7+ Kg4 36. Rd7 Qg3+ 37. Kf1 Re8 38. Rd4+ Kh3
39. Rd3 Re2 40. Qxe2 1-0

[Event "SPA Open A"]
[Site "Amsterdam NED"]
[Date "2011.07.13"]
[Round "5"]
[White "Plukkel,S"]
[Black "Visser,HJ"]
[Result "0-1"]
[WhiteElo "2298"]
[BlackElo "2225"]
[EventDate "2011.07.09"]

1. e4 e5 2. Nf3 Nc6 3. Bc4 Bc5 4. O-O Nf6 5. d4 exd4 6. e5 d5 7. exf6 dxc4
8. fxg7 Rg8 9. Bh6 Qf6 10. Qd2 Be6 11. Qg5 Be7 12. Nbd2 O-O-O 13. Ne4 Qxf3
14. gxf3 Bxg5 15. Nxg5 Bd5 16. Ne4 Bxe4 17. fxe4 Rd6 18. Bf4 Rxg7+ 19. Bg3
Re6 20. f3 Rg5 21. Kh1 Rb5 22. b3 Nb4 23. bxc4 Rc5 24. Bf2 Rxc4 25. Bxd4
Rxd4 26. c3 Rd2 27. cxb4 Rh6 28. Rfe1 Rhxh2+ 29. Kg1 h5 30. Rad1 Rdg2+ 31.
Kf1 h4 0-1

[Event "SPA Open A"]
[Site "Amsterdam NED"]
[Date "2011.07.13"]
[Round "5"]
[White "Hovenga,A"]
[Black "De Rover,YH"]
[Result "1-0"]
[WhiteElo "2221"]
[BlackElo "2275"]
[EventDate "2011.07.09"]

1. d4 Nf6 2. c4 c5 3. d5 b5 4. Nf3 g6 5. cxb5 a6 6. b6 Bg7 7. Nc3 O-O 8. a4
Qxb6 9. Nd2 e6 10. e4 exd5 11. exd5 Bb7 12. a5 Qc7 13. Nc4 Re8+ 14. Be2 Ne4
15. O-O Bxc3 16. Bf3 Bd4 17. Nb6 Ra7 18. Ra4 f5 19. Rxd4 cxd4 20. Bxe4 Rxe4
21. f3 Re7 22. Qxd4 Qe5 23. Qb4 d6 24. Bf4 Qg7 25. Bxd6 Re8 26. Re1 Qf7 27.
Bxb8 Rxb8 28. Re7 Qf8 29. Nd7 Bxd5 30. Nf6+ 1-0

[Event "SPA Open A"]
[Site "Amsterdam NED"]
[Date "2011.07.13"]
[Round "5"]
[White "Geenen,M"]
[Black "Vroombout,E"]
[Result "0-1"]
[WhiteElo "2267"]
[BlackElo "2175"]
[EventDate "2011.07.09"]

1. e4 d6 2. Nc3 Nf6 3. f4 g6 4. d4 Bg7 5. Nf3 c5 6. Bb5+ Bd7 7. e5 Ng4 8.
Bxd7+ Qxd7 9. d5 dxe5 10. h3 e4 11. hxg4 exf3 12. Qxf3 Na6 13. Bd2 O-O-O
14. O-O-O Nb4 15. Ne4 Qa4 16. Bxb4 cxb4 17. Kb1 Kb8 18. Ng5 Rd6 19. Nxf7
Rc8 20. Qb3 Qxb3 21. axb3 Rf6 22. Ng5 Rxf4 23. Ne6 Rf2 24. Rhf1 Rxg2 25.
Nxg7 Rcxc2 26. Rf8+ Kc7 27. Rc1 Rxc1+ 28. Kxc1 Rxg4 29. Ne6+ Kd6 30. Rd8+
Ke5 31. Nc5 Rd4 32. Nxb7 Rxd5 33. Rf8 h5 34. Nd8 a5 35. Nc6+ Kd6 36. Nd8 h4
37. Rh8 Rh5 38. Nf7+ Ke6 39. Rxh5 gxh5 40. Ng5+ Kf5 0-1

[Event "SPA Open A"]
[Site "Amsterdam NED"]
[Date "2011.07.13"]
[Round "5"]
[White "Van der Lende,I"]
[Black "Schoorl,R"]
[Result "0-1"]
[WhiteElo "2141"]
[BlackElo "2262"]
[EventDate "2011.07.09"]

1. e4 c5 2. c3 g6 3. d4 cxd4 4. cxd4 d5 5. exd5 Nf6 6. Nc3 Nxd5 7. Qb3 Nb6
8. Bb5+ Bd7 9. Nf3 Bg7 10. Bxd7+ N8xd7 11. a4 O-O 12. a5 Nc8 13. Qxb7 Nd6
14. Qa6 Nb8 15. Qd3 Nc6 16. a6 Nf5 17. Be3 Ncxd4 18. Bxd4 Nxd4 19. O-O Nb3
20. Qxd8 Rfxd8 21. Ra4 Rab8 22. Rc4 Nd2 23. Nxd2 Rxd2 24. Rc7 Bd4 25. Ne4
Rdxb2 26. Rxe7 Ra2 27. g4 Rxa6 28. Rd1 Rb4 29. Rd7 Be5 30. f3 Ra2 31. R7d5
Bxh2+ 32. Kh1 h6 33. Nf6+ Kg7 34. Ne8+ Kf8 35. Rd8 Be5 36. Nf6+ Kg7 37.
Ne8+ Kh7 38. R8d5 Ra1 39. Rxa1 Bxa1 40. Rd7 a5 41. Rxf7+ Kg8 42. Ra7 a4 43.
Nc7 Bd4 44. Ra6 Kf7 45. Ne6 Bb6 46. g5 Kxe6 47. gxh6 Kf7 48. f4 Kg8 0-1

[Event "SPA Open A"]
[Site "Amsterdam NED"]
[Date "2011.07.13"]
[Round "5"]
[White "Wunnink,M"]
[Black "Markus,J"]
[Result "1-0"]
[WhiteElo "2258"]
[BlackElo "2137"]
[EventDate "2011.07.09"]

1. d4 Nf6 2. Nf3 c5 3. d5 d6 4. Nc3 a6 5. a4 e5 6. Nd2 Be7 7. e4 Nbd7 8.
Nc4 Nf8 9. g3 Ng6 10. a5 h5 11. h4 Bg4 12. Be2 Rb8 13. Ra3 Bxe2 14. Qxe2
Ng4 15. Nd1 Nf8 16. Bd2 Nd7 17. Kf1 g6 18. Kg2 Kf8 19. Rf1 Kg7 20. f3 Ngf6
21. Nf2 Ne8 22. f4 f6 23. Nh3 Nc7 24. Raf3 Nb5 25. c3 Qc7 26. f5 Rbg8 27.
fxg6 Nf8 28. Qf2 Nxg6 29. Rxf6 Rf8 30. Rf7+ Kg8 31. Qf5 1-0

[Event "SPA Open A"]
[Site "Amsterdam NED"]
[Date "2011.07.13"]
[Round "5"]
[White "Gravemaker,Wim Laurens"]
[Black "Zult,D"]
[Result "0-1"]
[WhiteElo "2047"]
[BlackElo "2241"]
[EventDate "2011.07.09"]

1. e4 e5 2. Nf3 Nc6 3. Bb5 a6 4. Ba4 Nf6 5. O-O Be7 6. c3 Nxe4 7. d4 exd4
8. cxd4 d5 9. Re1 O-O 10. Nc3 Bf5 11. Bf4 b5 12. Bb3 Nxc3 13. bxc3 Bf6 14.
Be5 Bxe5 15. Nxe5 Ne7 16. Qf3 Qd6 17. Re3 Rad8 18. Rae1 Bg6 19. g4 c6 20.
h4 f5 21. g5 f4 22. R3e2 Bf5 23. h5 Nc8 24. Nd3 Bxd3 25. Qxd3 Qd7 26. Re6
Nd6 27. f3 Rf5 28. R6e5 Rdf8 29. Bc2 Qd8 30. Kf2 Qxg5 31. Rg1 Qxh5 32. Re6
Qh4+ 33. Kf1 Nc4 34. Qe2 R5f6 35. Rxf6 Ne3+ 36. Qxe3 fxe3 37. Rxf8+ Kxf8
38. Rg2 Qh1+ 0-1

[Event "SPA Open A"]
[Site "Amsterdam NED"]
[Date "2011.07.13"]
[Round "5"]
[White "Go,B"]
[Black "Timmermans,I"]
[Result "0-1"]
[WhiteElo "2124"]
[BlackElo "2232"]
[EventDate "2011.07.09"]

1. e4 e5 2. Nf3 Nc6 3. Nc3 Nf6 4. Nxe5 Nxe5 5. d4 Ng6 6. e5 Ng8 7. Bc4 c6
8. Qe2 b5 9. Bb3 Bb4 10. O-O Bxc3 11. bxc3 N8e7 12. f4 O-O 13. c4 bxc4 14.
Bxc4 d5 15. Bd3 Bf5 16. g4 Bxd3 17. Qxd3 f5 18. exf6 Rxf6 19. f5 Nh8 20. g5
Rf7 21. Ba3 Nc8 22. Qg3 Qc7 23. Qg4 Nd6 24. Rae1 Ne4 25. Rf3 Qd7 26. h3 g6
27. Rxe4 dxe4 0-1

[Event "SPA Open A"]
[Site "Amsterdam NED"]
[Date "2011.07.13"]
[Round "5"]
[White "Van Eekhout,D"]
[Black "Testa,Ad"]
[Result "1/2-1/2"]
[WhiteElo "2173"]
[BlackElo "2269"]
[EventDate "2011.07.09"]

1. e4 e5 2. Nf3 Nc6 3. Bb5 Nf6 4. O-O Nxe4 5. Qe2 Nd6 6. Bxc6 dxc6 7. Qxe5+
Qe7 8. Qa5 Be6 9. Re1 g6 10. Qe5 Rg8 11. Ng5 Bg7 12. Qg3 Bf6 13. Nxe6 fxe6
14. c3 Rf8 15. Qg4 Kd7 16. d4 Rae8 17. Nd2 Qf7 18. Nf3 Kc8 19. Bh6 Rg8 20.
Bg5 h5 21. Qf4 Bxg5 22. Qxg5 Qf5 23. Re5 Qc2 24. Qd2 Qxd2 25. Nxd2 Rgf8 26.
Nf3 Rf5 27. Rae1 Kd7 28. Kf1 Nf7 29. Rxf5 gxf5 30. Ne5+ Ke7 31. h4 Rg8 32.
g3 Nd6 33. Nd3 Rg6 34. Nf4 Rh6 35. f3 Ne8 36. Kf2 Ng7 37. a4 a5 38. Re5 b6
39. b4 axb4 40. cxb4 Kd6 41. Ke3 Rh8 42. a5 Ra8 43. Nd3 Ne8 44. Nf4 Ng7 45.
g4 fxg4 46. fxg4 hxg4 47. h5 Kd7 48. Ke4 Rh8 49. Rg5 Nf5 50. Rxg4 bxa5 51.
bxa5 Ra8 52. Ke5 Rxa5+ 53. Kf6 Ne7 54. Rg5 Rxg5 55. Kxg5 Nf5 56. Kf6 Kd6
57. Nxe6 Nh6 58. Nf8 c5 59. dxc5+ Kxc5 60. Ng6 Kd4 61. Ne7 Ke4 62. Kg5 Nf7+
63. Kg6 Ne5+ 64. Kg7 Ng4 65. Nc6 Kf5 66. Kf7 Kg5 1/2-1/2

[Event "SPA Open A"]
[Site "Amsterdam NED"]
[Date "2011.07.13"]
[Round "5"]
[White "Overeem,M"]
[Black "Bottema,To"]
[Result "1-0"]
[WhiteElo "2158"]
[BlackElo "2247"]
[EventDate "2011.07.09"]

1. c4 c5 2. g3 Nc6 3. Bg2 g6 4. Nc3 Bg7 5. d3 e6 6. Nf3 h5 7. O-O d6 8. Ng5
f6 9. Nh3 Nge7 10. a3 h4 11. g4 e5 12. e4 Be6 13. f4 Qd7 14. f5 Bf7 15. Rb1
Nd4 16. b4 Nc8 17. fxg6 Be6 18. Nf2 h3 19. Bf3 Ne7 20. Be3 Nxg6 21. bxc5
dxc5 22. Nd5 Kf7 23. Bxd4 exd4 24. g5 Ne5 25. Bh5+ Kg8 26. gxf6 Bxd5 27.
exd5 Bxf6 28. Kh1 Bg7 29. Ne4 b6 30. Qe2 Rh6 31. Rf4 Qe7 32. Bg4 Rf8 33.
Rxf8+ Qxf8 34. Rf1 Qd8 35. Be6+ Kh8 36. Ng3 Qg5 1-0

[Event "SPA Open A"]
[Site "Amsterdam NED"]
[Date "2011.07.13"]
[Round "5"]
[White "Van Weersel,A"]
[Black "Theulings,PP"]
[Result "1/2-1/2"]
[WhiteElo "2237"]
[BlackElo "2120"]
[EventDate "2011.07.09"]

1. e4 Nf6 2. e5 Nd5 3. d4 d6 4. c4 Nb6 5. exd6 exd6 6. Nc3 Be7 7. Bd3 Nc6
8. Be3 O-O 9. Nge2 Re8 10. O-O Nb4 11. b3 Nxd3 12. Qxd3 Bf6 13. Rad1 Bg4
14. f3 Bh5 15. Ng3 Bg6 16. Qd2 d5 17. c5 Nc8 18. Bf4 c6 19. Rfe1 Ne7 20.
Bg5 Bxg5 21. Qxg5 Qd7 22. Nce2 b6 23. Qd2 Nf5 24. Nxf5 Qxf5 25. Rc1 b5 26.
Ng3 Qf6 27. Re3 h5 28. Rce1 Rxe3 29. Qxe3 h4 30. Ne2 Bf5 31. Qe5 Qg5 32.
Qf4 Qxf4 33. Nxf4 g5 34. Re5 gxf4 35. Rxf5 Re8 36. Kf2 Re3 37. Rxf4 Rc3 38.
Rxh4 Rc2+ 39. Ke1 Rxa2 40. Rg4+ Kf8 41. Rg3 a5 42. f4 a4 43. bxa4 Rxa4 44.
Rd3 Ra2 45. Kf1 Ra1+ 46. Kf2 Ra2+ 47. Kg3 b4 48. Rd1 Rc2 49. Kf3 b3 50. Rb1
b2 51. f5 Kg7 52. h4 Kf6 53. g4 Rh2 54. Kf4 Rf2+ 55. Ke3 Rg2 56. Kf3 Rc2
57. Kf4 Rf2+ 58. Ke3 Rg2 59. Kf4 1/2-1/2

[Event "SPA Open A"]
[Site "Amsterdam NED"]
[Date "2011.07.13"]
[Round "5"]
[White "Vogel,Ja"]
[Black "Hoffman,Ro"]
[Result "0-1"]
[WhiteElo "2221"]
[BlackElo "2106"]
[EventDate "2011.07.09"]

1. d4 Nf6 2. Nf3 g6 3. g3 Bg7 4. Bg2 O-O 5. O-O d6 6. c4 c6 7. Nc3 Qa5 8.
e4 e5 9. h3 Nbd7 10. Be3 Nb6 11. Qb3 exd4 12. Nxd4 Nfd7 13. Rfd1 Nc5 14.
Qc2 Nxc4 15. Bf4 Qb4 16. Nb3 Be6 17. Nxc5 dxc5 18. Rab1 Rad8 19. Bf1 Nxb2
20. Rxd8 Rxd8 21. Qxb2 Qxb2 22. Rxb2 Bxc3 23. Rxb7 Rd7 24. Rb8+ Kg7 25. a3
Rd1 26. Kg2 Bxh3+ 27. Kxh3 Rxf1 28. Bd6 Bd4 29. f4 Kf6 30. Re8 h5 31. Be7+
Ke6 32. Bxc5+ Kd7 33. Re7+ Kd8 34. Bd6 f6 35. Rg7 Re1 36. e5 fxe5 37. fxe5
Bxe5 38. Bxe5 Rxe5 39. Rxa7 c5 40. Kg2 c4 41. Kf2 c3 42. Ra4 Rc5 43. Rd4+
Kc7 44. Rd1 c2 45. Rc1 Kb6 46. Ke2 Kb5 47. Kd2 g5 0-1

[Event "SPA Open A"]
[Site "Amsterdam NED"]
[Date "2011.07.13"]
[Round "5"]
[White "Roebers,J"]
[Black "Sanders,I"]
[Result "0-1"]
[WhiteElo "2219"]
[BlackElo "2105"]
[EventDate "2011.07.09"]

1. e4 c5 2. b3 b6 3. Nf3 Bb7 4. Nc3 g6 5. Bb2 Bg7 6. d4 cxd4 7. Nxd4 a6 8.
Be2 d6 9. Bf3 Nd7 10. O-O Ngf6 11. g3 O-O 12. Bg2 Nc5 13. f3 Rc8 14. Bh3
Rc7 15. Qd2 Qa8 16. Rad1 b5 17. a3 h5 18. Ba1 Kh7 19. Bg2 Bh6 20. Qf2 Rfc8
21. Nde2 Ne6 22. Rd3 Bg7 23. Bh3 Rd8 24. Bxe6 fxe6 25. Nf4 Qc8 26. Nh3 Bh6
27. f4 Ng4 28. Qe2 Rf8 29. Ng5+ Bxg5 30. fxg5 Ne5 31. Rxf8 Qxf8 32. Rd1 Qf3
33. Qxf3 Nxf3+ 34. Kg2 Nxg5 35. Re1 Nf7 36. Re2 Ne5 37. a4 b4 38. Nd1 Rxc2
39. Kf1 Rc1 0-1